Frontiers of pleasure : models of aesthetic response in archaic and classical Greek thought /
| Main Author: | |
|---|---|
| Format: | Book |
| Language: | English Greek, Ancient (to 1453) |
| Language Notes: | English; and Greek passages with English translation. |
| Published: |
New York :
Oxford University Press,
[2012]
|
| Subjects: | |
| Online Access: | Contributor biographical information Publisher description Table of contents only |
MARC
| Tag | First Indicator | Second Indicator | Subfields |
|---|---|---|---|
| LEADER | 00000cam a2200000 a 4500 | ||
| 001 | in00002782914 | ||
| 005 | 20150922150432.0 | ||
| 008 | 111020s2012 nyua b 001 0 eng | ||
| 010 | |a 2011043096 | ||
| 020 | |a 9780199798322 | ||
| 020 | |a 019979832X | ||
| 035 | |a (OCoLC)ocn759695822 | ||
| 040 | |a DLC |c DLC |d UtOrBLW | ||
| 041 | 1 | |a eng |a grc | |
| 043 | |a e-gr--- | ||
| 049 | |a TXAM | ||
| 050 | 0 | 0 | |a PN1141 |b .P47 2012 |
| 082 | 0 | 0 | |a 809.1/01 |2 23 |
| 100 | 1 | |a Peponi, Anastasia-Erasmia. | |
| 245 | 1 | 0 | |a Frontiers of pleasure : |b models of aesthetic response in archaic and classical Greek thought / |c Anastasia-Erasmia Peponi. |
| 264 | 1 | |a New York : |b Oxford University Press, |c [2012] | |
| 264 | 4 | |c ©2012 | |
| 300 | |a ix, 205 pages : |b illustrations ; |c 25 cm. | ||
| 336 | |a text |b txt |2 rdacontent | ||
| 337 | |a unmediated |b n |2 rdamedia | ||
| 338 | |a volume |b nc |2 rdacarrier | ||
| 504 | |a Includes bibliographical references and index. | ||
| 505 | 0 | |a Concepts and terms -- Tranquility -- Weeping -- Fusion -- Eros I -- Eros II -- Coda. | |
| 546 | |a English; and Greek passages with English translation. | ||
| 650 | 0 | |a Poetry, Ancient |x History and criticism. | |
| 650 | 0 | |a Aesthetics, Classical |z Greece |x History. | |
| 650 | 0 | |a Arts and society |z Greece. | |
| 650 | 0 | |a Music |y To 500 |x Philosophy and aesthetics. | |
| 650 | 0 | |a Philosophy, Ancient |x History. | |
| 856 | 4 | 2 | |3 Contributor biographical information |u http://catdir.loc.gov/catdir/enhancements/fy1205/2011043096-b.html |t 0 |
| 856 | 4 | 2 | |3 Publisher description |u http://catdir.loc.gov/catdir/enhancements/fy1205/2011043096-d.html |t 0 |
| 856 | 4 | 1 | |3 Table of contents only |u http://catdir.loc.gov/catdir/enhancements/fy1205/2011043096-t.html |t 0 |
| 945 | |a PromptCat |b 108321 | ||
| 946 | |a stk | ||
| 947 | |a A14835930211 | ||
| 948 | |a cataloged |b h |c 2012/12/12 |d c |e dmitchel |f 11:30:20 am | ||
| 994 | |a 92 |b TXA | ||
| 999 | |a MARS | ||
| 999 | f | f | |s 3c8c9a20-64bb-3e20-b456-c2250b1b8c92 |i 3bd3baa3-3ae5-3490-bcaf-e8419ac1b69a |t 0 |
| 952 | f | f | |p normal |a Texas A&M University |b College Station |c Sterling C. Evans Library |d Evans: Library Stacks |t 0 |e PN1141 .P47 2012 |h Library of Congress classification |i unmediated -- volume |m A14835930211 |
| 998 | f | f | |a PN1141 .P47 2012 |t 0 |l Evans: Library Stacks |